Statistiken für Darts Spieler 2024 Quiz

Klicken Sie hier um das Quiz zu spielen!

Allgemein

  • Dieses Quiz wurde 222 mal gespielt
    (218 seit der letzten Aktualisierung)
  • Das Durchschnittsergebnis liegt bei 18 aus 24

Antwortstatistiken

Antwort% Korrekt
Michael van Gerwen
99%
Michael Smith
96%
Gerwyn Price
95%
Luke Humphries
95%
Peter Wright
95%
Luke Littler
94%
Rob Cross
92%
Nathan Aspinall
90%
Gabriel Clemens
86%
Martin Schindler
84%
Damon Heta
77%
Dave Chisnall
76%
Stephen Bunting
76%
James Wade
70%
Jonny Clayton
65%
Ryan Searle
63%
Danny Noppert
62%
Joe Cullen
62%
Dimitri Van den Bergh
61%
Josh Rock
59%
Chris Dobey
56%
Andrew Gilding
48%
Ross Smith
46%
Dirk van Duijvenbode
44%

Verteilung der Resultate

Perzentil nach korrekt beantworteten Fragen

Anzahl Personen mit jedem Resultat

Ihre Resultats-Entwicklung

Sie haben dieses Quiz seit der letzten Aktualisierung nicht gespielt